All vowels are A's Quiz Stats

Quiz not verified by Sporcle

Also try: All vowels are E's
Challenge
Share
Tweet
Embed
Score 0/37 Timer 06:00
0 Plays Today
Hint Answer % Correct
Risk TerritoriesAlaska
90.2%
U.S. StatesAlabama
90.2%
U.S. StatesAlaska
90.2%
Greek LettersAlpha
90.2%
Music Scale SyllablesLa
88.2%
Music Scale SyllablesFa
84.3%
U.S. PresidentsAdams
84.3%
U.S. Vice PresidentsAdams
84.3%
U.S. StatesArkansas
82.4%
Greek LettersGamma
74.5%
Greek LettersKappa
64.7%
U.S. StatesKansas
64.7%
U.S. PresidentsTaft
62.7%
CountriesQatar
60.8%
CountriesJapan
58.8%
Greek LettersLambda
58.8%
Risk TerritoriesJapan
58.8%
CountriesCanada
56.9%
CountriesChad
54.9%
Hint Answer % Correct
Bible BooksMark
54.9%
CountriesPanama
51%
U.S. PresidentsGrant
51%
NBA Team NamesJazz
49%
Bible BooksActs
45.1%
CountriesKazakhstan
41.2%
CountriesGhana
41.2%
CountriesBahamas
39.2%
CountriesMalta
39.2%
Oscar Best PicturesCrash
39.2%
CountriesMadagascar
31.4%
Oscar Best PicturesCasablanca
31.4%
Risk TerritoriesMadagascar
31.4%
CountriesRwanda
31.4%
Bible BooksPsalms
29.4%
NBA Team NamesHawks
25.5%
Risk TerritoriesKamchatka
19.6%
U.S. Vice PresidentsDallas
5.9%

You're not logged in!

Compare scores with friends on all Sporcle quizzes.
Sign Up with Email
OR
Log In

You Might Also Like...

Show Comments

Extras

Top Quizzes Today


Score Distribution

Your Account Isn't Verified!

In order to create a playlist on Sporcle, you need to verify the email address you used during registration. Go to your Sporcle Settings to finish the process.